|
|
|
|
| LEADER |
01205nam a22002777a 4500 |
| 001 |
35156 |
| 003 |
BD-DhAAL |
| 005 |
20190827160921.0 |
| 008 |
190827t2010 bg a|||| |||| 00| 0deng d |
| 999 |
|
|
|c 41071
|d 41071
|
| 020 |
|
|
|a 9789843323910
|
| 040 |
|
|
|a BD-DhAAL
|d BD-DhAAL
|
| 082 |
|
|
|a 720.95492
|2 22
|
| 100 |
|
|
|a Khan, Nurur Rahman
|9 33665
|
| 245 |
|
|
|a Muzharul Islam :
|b selected drawings /
|c Nurur Rahman Khan.
|
| 260 |
|
|
|a Dhaka :
|b Sthapattya O Nirman,
|c 2010
|
| 300 |
|
|
|a 256 pages :
|b illustrations, plans ;
|c 26 cm.
|
| 526 |
|
|
|a ARC
|
| 541 |
|
|
|a Complimentary copy
|e 35156
|
| 600 |
|
|
|a Islam, Muzharul,
|c Architekt.
|d 1923-2012.
|9 29139
|
| 650 |
|
|
|a Architecture
|z Bangladesh
|x History
|9 29140
|
| 650 |
|
|
|a Architecture
|z Bangladesh
|x Designs and plans
|9 29141
|
| 650 |
|
|
|a Architecture
|x Drawings.
|9 33666
|
| 852 |
|
|
|a Department of Architecture
|c General Stacks
|
| 942 |
|
|
|2 ddc
|c BK
|
| 952 |
|
|
|0 0
|1 1
|2 ddc
|4 0
|6 720_954920000000000_KHA
|7 0
|9 66074
|a ARC
|b ARC
|c GEN
|d 2019-08-27
|e Complimentary Copy
|l 2
|o 720.95492 KHA
|p 3010035156
|r 2020-03-03
|s 2020-03-03
|t 1
|w 2019-08-27
|y BK
|x lost from the ARC department library and approved by the Dean (reasons personal books withdrawn by Hasibul Kabir Sir and Building shifting)
|